Modalidades de trabajo en la educación parvularia

Na minha lista:
Detalhes bibliográficos
Autor principal: Aragoneses Alonso, Josefina (Autor)
Formato: Livro
Idioma:espanhol
Publicado em: Santiago Nueva Universidad 1979
Assuntos:
Tags: Adicionar Tag
Sem tags, seja o primeiro a adicionar uma tag!

MARC

LEADER 00000nam a2200000 a 4500
001 UCW4406
003 CL-VaPUC
008 900329e19790000CL |||||||||||||||||spa|d
082 0 4 |a 372.21  |b ARA  |2 21 
100 0 |a Aragoneses Alonso, Josefina  |e author  |9 309164 
245 1 0 |a Modalidades de trabajo en la educación parvularia 
300 |a 204 p 
942 |c BK 
945 |d 19900329 00:00:00 
260 |a Santiago  |b Nueva Universidad  |c 1979 
650 0 |a Educación preescolar  |9 260381 
650 7 |a JARDINES DE INFANTES  |2 CL-VaPUC  |9 309165 
583 |a last modification  |c 19900329 00:00:00  |k Rodrigo Vera 
999 |c 218157  |d 218155 
952 |0 0  |1 0  |4 0  |6 372_210000000000000_ARA_1979  |7 0  |8 P  |9 207194  |a BIBEDU  |b BIBEDU  |c BIBEDU_PB  |d 2019-11-15  |i 2749718  |o 372.21 ARA 1979  |p 2749718  |r 2024-01-25  |w 2019-11-15  |y BK  |k EDU 
952 |0 0  |1 0  |4 0  |6 372_210000000000000_ARA_1979  |7 0  |8 P  |9 207195  |a BIBEDU  |b BIBEDU  |c BIBEDU_PB  |d 2019-11-15  |i 2749726  |o 372.21 ARA 1979  |p 2749726  |r 2024-01-25  |w 2019-11-15  |y BK  |k EDU 
952 |0 0  |1 0  |4 0  |6 372_210000000000000_ARA_1979  |7 0  |8 P  |9 207196  |a BIBEDU  |b BIBEDU  |c BIBEDU_PB  |d 2019-11-15  |i 2749734  |o 372.21 ARA 1979  |p 2749734  |r 2024-01-25  |w 2019-11-15  |y BK  |k EDU